[Event "TCh-FRA Top 12 2019"]
[Site "Brest FRA"]
[Date "2019.05.19"]
[Round "2.5"]
[Board "6"]
[White "Terrieux, Kevin"]
[Black "Sokolov, Andrei1"]
[Result "1/2-1/2"]
[WhiteTitle "IM"]
[BlackTitle "GM"]
[WhiteElo "2455"]
[BlackElo "2496"]
[WhiteTeam "Club d'Echecs Metz Fischer"]
[BlackTeam "Mulhouse Philidor"]
[WhiteFideId "622591"]
[BlackFideId "627089"]
[EventDate "2019.05.18"]

1. e4 c5 2. Nf3 e6 3. d4 cxd4 4. Nxd4 Nf6 5. Nc3 d6 6. g4 h6 7. h4 Nc6 8. Rg1 d5
9. exd5 Nxd5 10. Nxd5 exd5 11. Be3 Qxh4 12. Qe2 Nxd4 13. Bxd4+ Qe7 14. O-O-O
Qxe2 15. Bxe2 Bd7 16. Bf3 O-O-O 17. Bxa7 Bc6 18. Rd3 Bd6 19. Rgd1 Bf4+ 20. Kb1
Rhe8 21. a3 g6 22. Bb6 Bc7 23. Be3 Rh8 24. Rh1 d4 25. Bc1 h5 26. gxh5 Bxf3 27.
Rxf3 Rxh5 28. Re1 Rd7 29. b4 b5 30. Bb2 Be5 31. Rd3 Rf5 32. f3 Kc7 33. Red1 Rd6
34. Ka2 Kc6 35. Kb3 Kc7 36. a4 bxa4+ 37. Kxa4 Ra6+ 38. Kb3 Rd6 39. Kc4 Rc6+ 40.
Kb3 Rd6 41. Kc4 Rc6+ 42. Kb3 1/2-1/2

[Event "TCh-FRA Top 12 2019"]
[Site "Brest FRA"]
[Date "2019.05.19"]
[Round "2.5"]
[Board "7"]
[White "Smith, Axel"]
[Black "Koch, Jean-Rene"]
[Result "1/2-1/2"]
[WhiteTitle "GM"]
[BlackTitle "IM"]
[WhiteElo "2481"]
[BlackElo "2465"]
[WhiteTeam "Mulhouse Philidor"]
[BlackTeam "Club d'Echecs Metz Fischer"]
[WhiteFideId "1707930"]
[BlackFideId "600148"]
[EventDate "2019.05.18"]

1. d4 d5 2. c4 e6 3. Nf3 dxc4 4. e4 b5 5. a4 c6 6. axb5 cxb5 7. b3 Nf6 8. bxc4
Nxe4 9. cxb5 Bb7 10. Nbd2 Bb4 11. Bd3 Nxd2 12. Bxd2 Bxd2+ 13. Qxd2 Nd7 14. Qe3
O-O 15. O-O Qb6 16. Ra4 a6 17. bxa6 Bxa6 18. Rfa1 Bb7 19. Rxa8 Rxa8 20. Rxa8+
Bxa8 21. Be4 Bxe4 1/2-1/2

[Event "TCh-FRA Top 12 2019"]
[Site "Brest FRA"]
[Date "2019.05.19"]
[Round "2.5"]
[Board "8"]
[White "Monpeurt, Cyrielle"]
[Black "Haussernot, Cecile"]
[Result "0-1"]
[WhiteTitle "WFM"]
[BlackTitle "WIM"]
[WhiteElo "2166"]
[BlackElo "2097"]
[WhiteTeam "Club d'Echecs Metz Fischer"]
[BlackTeam "Mulhouse Philidor"]
[WhiteFideId "677400"]
[BlackFideId "601632"]
[EventDate "2019.05.18"]

1. e4 c5 2. Nf3 d6 3. d4 cxd4 4. Nxd4 Nf6 5. Nc3 a6 6. f4 e5 7. Nf5 Nc6 8. Bc4
g6 9. fxe5 Nxe5 10. Ne3 Bg7 11. O-O O-O 12. Bb3 Be6 13. Kh1 Rc8 14. Ned5 Nxd5
15. Nxd5 Kh8 16. c3 f5 17. Bc2 fxe4 18. Nf4 Bg4 19. Qe1 d5 20. h3 Bf5 21. Be3
Nc4 22. Bd4 Bxd4 23. cxd4 g5 24. Nh5 Nxb2 25. Qg3 Qe7 26. Bb3 Bg6 27. Qg4 Nd3
28. Nf6 Qd8 29. Qxg5 e3 30. Qxe3 Rxf6 31. Rxf6 Qxf6 32. Bxd5 Re8 33. Qg3 Qxd4
34. Rd1 Nf2+ 0-1

[Event "TCh-FRA Top 12 2019"]
[Site "Brest FRA"]
[Date "2019.05.19"]
[Round "2.6"]
[Board "2"]
[White "Solodovnichenko, Yuri"]
[Black "Bauer, Christian"]
[Result "1/2-1/2"]
[WhiteTitle "GM"]
[BlackTitle "GM"]
[WhiteElo "2572"]
[BlackElo "2643"]
[WhiteTeam "Vandoeuvre-Echecs"]
[BlackTeam "Nice Alekhine"]
[WhiteFideId "14104369"]
[BlackFideId "603767"]
[EventDate "2019.05.18"]

1. e4 d5 2. exd5 Qxd5 3. Nc3 Qd8 4. Nf3 Nf6 5. Bc4 a6 6. a4 Nc6 7. d4 Bg4 8. d5
Nb4 9. Bb3 c6 10. dxc6 Qxd1+ 11. Nxd1 Nxc6 12. c3 e6 13. Ne3 Bh5 14. Nc4 Bc5 15.
Nfe5 Nxe5 16. Nxe5 O-O-O 17. Bc2 Rd5 18. Nc4 Rhd8 19. Ne3 Re5 20. O-O Bg6 21.
Bxg6 hxg6 22. b4 Ba7 23. Ra2 Rd3 24. c4 Re4 25. Rc2 Nd7 26. Bd2 Bd4 27. Rfc1 Ne5
28. Kf1 Ra3 29. a5 Nd3 30. Rd1 Rb3 31. b5 f5 32. bxa6 bxa6 33. c5 Kc7 34. c6 Ne5
35. Nc4 Nxc4 36. Rxc4 Be5 37. Rxe4 fxe4 38. Rc1 Bd4 39. Rc4 e5 40. Bb4 Rb1+ 41.
Ke2 Rb2+ 42. Kd1 Kc8 43. Bc5 Rxf2 44. Bxd4 exd4 45. Rxd4 Rxg2 46. Rxe4 Kc7 47.
Rb4 Rxh2 48. Rb6 Rh5 1/2-1/2

[Event "TCh-FRA Top 12 2019"]
[Site "Brest FRA"]
[Date "2019.05.19"]
[Round "2.6"]
[Board "4"]
[White "Hamitevici, Vladimir"]
[Black "Demuth, Adrien"]
[Result "1-0"]
[WhiteTitle "GM"]
[BlackTitle "GM"]
[WhiteElo "2476"]
[BlackElo "2517"]
[WhiteTeam "Vandoeuvre-Echecs"]
[BlackTeam "Nice Alekhine"]
[WhiteFideId "13902393"]
[BlackFideId "642274"]
[EventDate "2019.05.18"]

1. c4 e6 2. Nf3 d5 3. e3 dxc4 4. Bxc4 Nf6 5. O-O a6 6. b3 c5 7. Bb2 b5 8. Be2
Bb7 9. a4 b4 10. d3 Be7 11. Nbd2 O-O 12. Qc2 Nc6 13. Rac1 Rc8 14. Rfe1 Nd7 15.
Bf1 a5 16. Nc4 Nb6 17. Nfd2 Nxc4 18. Nxc4 Qc7 19. f4 f6 20. g3 e5 21. Bg2 Rfe8
22. Bd5+ Kh8 23. Be4 exf4 24. gxf4 Nd8 25. Bf5 Ra8 26. Qe2 Nf7 27. Qh5 Nh6 28.
Be4 Bf8 29. Bxb7 Qxb7 30. e4 Qf7 31. Qf3 f5 32. Kh1 Ng4 33. Re2 Nf6 34. Rg1 Rad8
35. Rg5 fxe4 36. dxe4 h6 37. Rg1 Nh5 38. Ne5 Rxe5 39. Bxe5 Re8 40. Qg4 Kg8 41.
Rd2 c4 42. bxc4 b3 43. Qf5 Qxf5 44. exf5 Bc5 45. Rgd1 1-0

[Event "TCh-FRA Top 12 2019"]
[Site "Brest FRA"]
[Date "2019.05.19"]
[Round "2.6"]
[Board "5"]
[White "Gharamian, Tigran"]
[Black "Nezar, Mustapha"]
[Result "1/2-1/2"]
[WhiteTitle "GM"]
[BlackTitle "IM"]
[WhiteElo "2602"]
[BlackElo "2339"]
[WhiteTeam "Nice Alekhine"]
[BlackTeam "Vandoeuvre-Echecs"]
[WhiteFideId "13301527"]
[BlackFideId "608637"]
[EventDate "2019.05.18"]

1. e4 e5 2. Nf3 Nf6 3. Nxe5 d6 4. Nf3 Nxe4 5. d4 d5 6. Bd3 Be7 7. O-O Nc6 8.
Nbd2 Nd6 9. c3 Bf5 10. Bxf5 Nxf5 11. Qb3 b6 12. Re1 Qd7 13. Nf1 O-O 14. Bf4 Rfe8
15. Ne3 Nxe3 16. Rxe3 Na5 17. Qc2 Nc4 18. Ree1 f6 19. Re2 1/2-1/2

[Event "TCh-FRA Top 12 2019"]
[Site "Brest FRA"]
[Date "2019.05.19"]
[Round "2.6"]
[Board "6"]
[White "Spielmann, Alain"]
[Black "Barseghyan, Harutyun"]
[Result "0-1"]
[WhiteTitle "FM"]
[BlackTitle "IM"]
[WhiteElo "2216"]
[BlackElo "2470"]
[WhiteTeam "Vandoeuvre-Echecs"]
[BlackTeam "Nice Alekhine"]
[WhiteFideId "602272"]
[BlackFideId "13304585"]
[EventDate "2019.05.18"]

1. d4 Nf6 2. Nf3 c5 3. e3 d5 4. c4 cxd4 5. exd4 g6 6. Nc3 Bg7 7. Be2 dxc4 8.
Bxc4 O-O 9. O-O Nc6 10. Re1 Na5 11. Bf1 Bf5 12. Bg5 Rc8 13. Qd2 a6 14. Rad1 b5
15. a3 Re8 16. Qf4 Bc2 17. Rd2 Bb3 18. Qh4 Bc4 19. Bd3 Bxd3 20. Rxd3 Nc4 21. Re2
Nd5 22. Ne4 Qd7 23. g4 Nf6 24. Bxf6 exf6 25. g5 fxg5 26. Nfxg5 h6 27. Nf3 Qf5
28. Rb3 g5 29. Ng3 Qb1+ 0-1

[Event "TCh-FRA Top 12 2019"]
[Site "Brest FRA"]
[Date "2019.05.19"]
[Round "2.6"]
[Board "7"]
[White "Flear, Glenn C"]
[Black "Choisy, Mathilde"]
[Result "1/2-1/2"]
[WhiteTitle "GM"]
[BlackTitle "WFM"]
[WhiteElo "2445"]
[BlackElo "2113"]
[WhiteTeam "Nice Alekhine"]
[BlackTeam "Vandoeuvre-Echecs"]
[WhiteFideId "400165"]
[BlackFideId "634565"]
[EventDate "2019.05.18"]

1. d4 Nf6 2. c4 g6 3. Nc3 Bg7 4. e4 d6 5. Be2 O-O 6. Bg5 c5 7. d5 h6 8. Bf4 e6
9. Qd2 exd5 10. cxd5 Re8 11. f3 Kh7 12. g4 Na6 13. Nh3 Nc7 14. Nf2 a6 15. a4 b6
16. Kf1 Rb8 17. Kg2 b5 18. axb5 axb5 19. Ra7 b4 20. Ncd1 Ra8 21. Rxa8 Nxa8 22.
Ne3 Nb6 23. Ra1 Qe7 24. Bg3 Nfd7 25. Ra7 Be5 26. Nc4 Nxc4 27. Bxc4 Qf6 28. f4
Bd4 29. e5 dxe5 30. Bb5 Rd8 31. Bc6 exf4 32. Ne4 Qe5 33. Qxf4 Qxf4 34. Bxf4 c4
35. Rc7 Ne5 36. Nf6+ Kg7 37. Ne8+ Kg8 38. Nf6+ Kg7 39. Ne8+ Kg8 40. Nf6+ Kg7 1/2-1/2

[Event "TCh-FRA Top 12 2019"]
[Site "Brest FRA"]
[Date "2019.05.19"]
[Round "2.6"]
[Board "8"]
[White "Thomas, Anysia"]
[Black "De Seroux, Camille"]
[Result "0-1"]
[WhiteTitle "WFM"]
[BlackTitle "WFM"]
[WhiteElo "2178"]
[BlackElo "2143"]
[WhiteTeam "Vandoeuvre-Echecs"]
[BlackTeam "Nice Alekhine"]
[WhiteFideId "670472"]
[BlackFideId "1305620"]
[EventDate "2019.05.18"]

1. d4 Nf6 2. c4 c5 3. d5 b5 4. cxb5 a6 5. bxa6 g6 6. Nc3 Bg7 7. e4 O-O 8. Nf3
Qa5 9. Nd2 Bxa6 10. Nb3 Qb6 11. Bxa6 Nxa6 12. Be3 d6 13. O-O Rfb8 14. Rb1 Nb4
15. Nc1 Nd7 16. a3 Na6 17. N1e2 Qa5 18. Bg5 Qd8 19. Bf4 Ne5 20. Bxe5 Bxe5 21. f4
Bg7 22. Qd3 Rb7 23. f5 Nb8 24. fxg6 hxg6 25. e5 Bxe5 26. Ne4 Qe8 27. Qh3 Nd7 28.
Ng5 Nf6 29. b4 Rab8 30. Qh4 Kg7 31. Rb3 Qh8 32. Qxh8+ Rxh8 33. b5 Bxh2+ 34. Kf2
Be5 35. a4 Ra8 36. Ra3 Rxb5 37. axb5 Rxa3 38. Rb1 Nxd5 39. b6 Ra8 40. Nf3 f6 41.
Nxe5 fxe5 42. Rb5 Rb8 43. b7 Nc7 44. Rb6 Ne6 45. Ke3 Nd8 46. Ke4 Rxb7 47. Rxb7
Nxb7 48. Kd5 Kf6 49. Ng3 Na5 50. Ne2 Kf5 51. Nc3 Nb3 52. Kc4 Nd4 53. Kd5 Kf4 0-1

[Event "TCh-FRA Top 12 2019"]
[Site "Brest FRA"]
[Date "2019.05.20"]
[Round "3.1"]
[Board "1"]
[White "Chabanon, Jean-Luc"]
[Black "Gledura, Benjamin"]
[Result "1/2-1/2"]
[WhiteTitle "GM"]
[BlackTitle "GM"]
[WhiteElo "2437"]
[BlackElo "2645"]
[WhiteTeam "T H F Saint-Quentin"]
[BlackTeam "Mulhouse Philidor"]
[WhiteFideId "600075"]
[BlackFideId "712779"]
[EventDate "2019.05.18"]

1. d4 Nf6 2. c4 g6 3. Nc3 d5 4. cxd5 Nxd5 5. e4 Nxc3 6. bxc3 Bg7 7. Qa4+ Nd7 8.
Nf3 O-O 9. Be2 c5 10. O-O Nb6 11. Qa3 cxd4 12. cxd4 Bg4 13. Bg5 Bxf3 14. gxf3
Qxd4 15. Rad1 Qe5 16. Qxe7 Qxe7 17. Bxe7 Rfc8 18. Rd2 Bh6 19. Rb2 Rc7 20. Bd6
Rc6 21. Bg3 Rd8 22. f4 Bf8 23. Kg2 Ba3 24. Rb3 Be7 25. Rb2 f5 26. Bf3 Rc7 27.
exf5 gxf5 28. Rb5 Rf8 29. Re1 Kg7 30. Ree5 Kg6 31. a4 Nxa4 32. Rxb7 Rxb7 33.
Bxb7 Bf6 34. Ra5 Nb6 35. Bc6 Rc8 36. Bb5 Rd8 37. Rxa7 Nd5 38. Bc4 Rd6 39. Bxd5
Rxd5 40. Ra6 1/2-1/2

[Event "TCh-FRA Top 12 2019"]
[Site "Brest FRA"]
[Date "2019.05.20"]
[Round "3.1"]
[Board "2"]
[White "Heimann, Andreas"]
[Black "Cossin, Sebastien"]
[Result "1-0"]
[WhiteTitle "GM"]
[BlackTitle "IM"]
[WhiteElo "2627"]
[BlackElo "2494"]
[WhiteTeam "Mulhouse Philidor"]
[BlackTeam "T H F Saint-Quentin"]
[WhiteFideId "24624632"]
[BlackFideId "618802"]
[EventDate "2019.05.18"]

1. d4 Nf6 2. c4 e6 3. Nf3 c5 4. d5 exd5 5. cxd5 d6 6. Nc3 g6 7. h3 Bg7 8. e4 O-O
9. Bd3 a6 10. a4 Re8 11. Be3 Nbd7 12. O-O c4 13. Bc2 Qc7 14. Bd4 b6 15. Re1 Rb8
16. Qd2 Bb7 17. Rac1 Ba8 18. b3 cxb3 19. Bxb3 Nc5 20. Ba2 Nfd7 21. Bxg7 Kxg7 22.
Nd4 Kg8 23. Re3 Nf6 24. Rce1 Rbc8 25. Nc6 Nfd7 26. e5 dxe5 27. d6 Nb3 28. Ne7+
Rxe7 29. Bxb3 1-0

[Event "TCh-FRA Top 12 2019"]
[Site "Brest FRA"]
[Date "2019.05.20"]
[Round "3.1"]
[Board "3"]
[White "Velten, Paul"]
[Black "Nihal, Sarin"]
[Result "1/2-1/2"]
[WhiteTitle "GM"]
[BlackTitle "GM"]
[WhiteElo "2507"]
[BlackElo "2598"]
[WhiteTeam "T H F Saint-Quentin"]
[BlackTeam "Mulhouse Philidor"]
[WhiteFideId "681091"]
[BlackFideId "25092340"]
[EventDate "2019.05.18"]

1. d4 f5 2. g3 Nf6 3. Bg2 g6 4. Nf3 Bg7 5. O-O O-O 6. Nbd2 d6 7. Re1 Nc6 8. c3
e5 9. dxe5 dxe5 10. e4 f4 11. b4 a6 12. a4 fxg3 13. hxg3 Ng4 14. Qe2 Be6 15. Nf1
h6 16. Ne3 Nxe3 17. Bxe3 Qe8 18. Nd2 Qf7 19. Rec1 g5 20. Bc5 Rfd8 21. Nf1 b6 22.
Be3 Rd7 23. Rd1 Rxd1 24. Rxd1 Bb3 25. Ra1 Bc4 26. Qe1 a5 27. b5 Nd8 28. Nd2 Be6
29. c4 Nb7 30. c5 Nxc5 31. Bxc5 bxc5 32. Rc1 Rd8 33. Nf1 c4 34. Ne3 Bf8 35. Qxa5
Bc5 36. Qe1 Rd3 37. Nf5 Kh7 38. Rc2 Qd7 39. Qe2 c3 40. Bh3 Kg6 41. Ne7+ Bxe7 42.
Bxe6 Qd4 43. Kg2 h5 44. a5 Bc5 45. a6 Kh6 46. Ra2 Rd2 47. Rxd2 cxd2 48. Bb3 g4
49. Bd1 Kg5 50. Kf1 Kf6 51. Kg2 Qc3 52. f3 Qd4 53. Qf1 Ke7 54. fxg4 hxg4 55.
Bxg4 Qxe4+ 56. Bf3 Qd4 57. Bd1 Qd5+ 58. Qf3 e4 59. Qh5 Qxh5 60. Bxh5 c6 61. bxc6
Kd6 62. Kf1 Kxc6 63. Ke2 Kb6 64. Bg6 Kxa6 65. Kxd2 Bd6 66. Bxe4 Bxg3 1/2-1/2

[Event "TCh-FRA Top 12 2019"]
[Site "Brest FRA"]
[Date "2019.05.20"]
[Round "3.1"]
[Board "4"]
[White "Istratescu, Andrei"]
[Black "Colin, Vincent"]
[Result "1-0"]
[WhiteTitle "GM"]
[BlackTitle "IM"]
[WhiteElo "2555"]
[BlackElo "2383"]
[WhiteTeam "Mulhouse Philidor"]
[BlackTeam "T H F Saint-Quentin"]
[WhiteFideId "1200372"]
[BlackFideId "612324"]
[EventDate "2019.05.18"]

1. d4 Nf6 2. c4 e6 3. Nf3 d5 4. Nc3 Be7 5. Bg5 O-O 6. e3 h6 7. Bh4 b6 8. Bd3 Bb7
9. O-O Ne4 10. Bg3 Nxc3 11. bxc3 dxc4 12. Bxc4 Nd7 13. Bd3 Bd6 14. e4 Bxg3 15.
hxg3 c5 16. Qe2 Qe7 17. a4 cxd4 18. cxd4 Rac8 19. a5 Rc7 20. axb6 axb6 21. Rfe1
Rfc8 22. Qb2 Rc3 23. Ra7 Rxd3 24. Rxb7 Rdc3 25. Qxb6 Nxb6 26. Rxe7 R3c7 27. Rxc7
Rxc7 28. g4 f6 29. Rd1 Kf7 30. Nd2 Na4 31. Kf1 Rc2 32. Nf3 Nc3 33. Re1 Kg6 34.
g3 h5 35. gxh5+ Kxh5 36. e5 f5 37. d5 Ne4 38. dxe6 Kg4 39. e7 Rxf2+ 40. Kg1 Kxf3
41. Rf1 Rxf1+ 42. Kxf1 Nxg3+ 43. Ke1 1-0

[Event "TCh-FRA Top 12 2019"]
[Site "Brest FRA"]
[Date "2019.05.20"]
[Round "3.1"]
[Board "5"]
[White "Godart, Francois"]
[Black "Burri, Quentin"]
[Result "1-0"]
[WhiteTitle "IM"]
[BlackTitle "IM"]
[WhiteElo "2419"]
[BlackElo "2425"]
[WhiteTeam "T H F Saint-Quentin"]
[BlackTeam "Mulhouse Philidor"]
[WhiteFideId "208078"]
[BlackFideId "26028654"]
[EventDate "2019.05.18"]

1. e4 c5 2. Nf3 d6 3. Bb5+ Nd7 4. c3 Nf6 5. Qe2 a6 6. Ba4 b5 7. Bc2 Bb7 8. d4 e6
9. O-O Be7 10. a4 O-O 11. Bg5 bxa4 12. Rd1 Qc7 13. Rxa4 h6 14. Bh4 Rfe8 15. h3
cxd4 16. cxd4 e5 17. Nc3 Nb6 18. dxe5 dxe5 19. Raa1 Nh5 20. Bb3 Nf4 21. Qf1 Rad8
22. g3 Ng6 23. Bxe7 Qxe7 24. Rxd8 Rxd8 25. Rd1 Rxd1 26. Qxd1 Qd7 27. Qxd7 Nxd7
28. Bd5 Bxd5 29. Nxd5 Kf8 30. b4 Nb8 31. Kf1 Ke8 32. Ke2 Kd7 33. Kd3 Kd6 34. Ne3
Ke6 35. Nf5 Kf6 36. Kc4 Nf8 37. Kc5 Nbd7+ 38. Kc6 g6 39. Nxh6 Ke7 40. Ng4 f6 41.
Ne3 Ne6 42. Nd5+ Kd8 43. Kd6 Nd4 44. Nxd4 exd4 45. Nf4 Ne5 46. Ne6+ Ke8 47. Nxd4
Nd3 48. f4 Nxb4 49. Ke6 a5 50. Kxf6 a4 51. Kxg6 a3 52. Kg7 a2 53. Nb3 Nd3 54. f5
Nc5 55. Na1 Nxe4 56. f6 Ng5 57. h4 Ne6+ 58. Kg8 1-0

[Event "TCh-FRA Top 12 2019"]
[Site "Brest FRA"]
[Date "2019.05.20"]
[Round "3.1"]
[Board "6"]
[White "Riff, Jean-Noel"]
[Black "Brochet, Philippe"]
[Result "1/2-1/2"]
[WhiteTitle "GM"]
[BlackTitle "IM"]
[WhiteElo "2494"]
[BlackElo "2400"]
[WhiteTeam "Mulhouse Philidor"]
[BlackTeam "T H F Saint-Quentin"]
[WhiteFideId "611190"]
[BlackFideId "602469"]
[EventDate "2019.05.18"]

1. e4 e5 2. Nf3 Nf6 3. d4 Nxe4 4. Bd3 d5 5. Nxe5 Nd7 6. Nxd7 Bxd7 7. O-O Be7 8.
c4 Nf6 9. Qb3 Bc6 10. c5 b6 11. cxb6 axb6 12. Qc2 Bd7 13. Nc3 O-O 14. Bf4 h6 15.
Rfe1 c5 16. Be5 c4 17. Bf5 Qc8 18. Bxd7 Qxd7 19. Qe2 b5 20. Qf3 Rfd8 21. a3 Ra6
22. h3 Re6 23. Ne2 b4 24. Nf4 Rc6 25. axb4 Bxb4 26. Re2 c3 27. bxc3 Rxc3 28. Nd3
Ne4 29. Re3 Be7 30. Bf4 1/2-1/2

[Event "TCh-FRA Top 12 2019"]
[Site "Brest FRA"]
[Date "2019.05.20"]
[Round "3.1"]
[Board "7"]
[White "Marcelin, Cyril"]
[Black "Sokolov, Andrei1"]
[Result "1/2-1/2"]
[WhiteTitle "GM"]
[BlackTitle "GM"]
[WhiteElo "2451"]
[BlackElo "2496"]
[WhiteTeam "T H F Saint-Quentin"]
[BlackTeam "Mulhouse Philidor"]
[WhiteFideId "607274"]
[BlackFideId "627089"]
[EventDate "2019.05.18"]

1. Nf3 Nf6 2. c4 e6 3. g3 d5 4. Bg2 dxc4 5. Qa4+ Nbd7 6. Qxc4 c5 7. Qb3 Rb8 8.
d3 Bd6 9. a4 b6 10. Na3 a6 11. Nc4 Bc7 12. Bd2 O-O 13. O-O h6 14. Rfc1 Bb7 15.
Qa3 a5 16. Bc3 Nd5 17. d4 Nxc3 18. bxc3 e5 19. dxe5 Ba6 20. Qa2 Qe7 21. Ne3 Bxe5
22. Nd5 Qe6 23. Nxe5 Nxe5 24. c4 Qd6 25. Ne3 Rfd8 26. Rd1 Qf6 27. Bd5 Nc6 28.
Bxc6 Qxc6 29. Nd5 Re8 30. Qc2 Bc8 31. Ra3 Bg4 32. Rd2 Rb7 33. Re3 Be6 34. Nf4
Rbe7 35. Nxe6 Rxe6 36. Rxe6 Qxe6 37. e3 h5 38. h4 g6 39. Rd5 Qf6 40. Kg2 Kg7 41.
e4 Qa1 42. f4 Qe1 43. e5 Re6 44. Rd1 Qe3 45. Qd3 Qxd3 46. Rxd3 f5 47. Rd7+ Kf8
48. Kf3 Ke8 49. Rd3 1/2-1/2

[Event "TCh-FRA Top 12 2019"]
[Site "Brest FRA"]
[Date "2019.05.20"]
[Round "3.1"]
[Board "8"]
[White "Haussernot, Cecile"]
[Black "Bolon, Karelle"]
[Result "1-0"]
[WhiteTitle "WIM"]
[BlackTitle "WFM"]
[WhiteElo "2097"]
[BlackElo "2018"]
[WhiteTeam "Mulhouse Philidor"]
[BlackTeam "T H F Saint-Quentin"]
[WhiteFideId "601632"]
[BlackFideId "634514"]
[EventDate "2019.05.18"]

1. e4 e6 2. d3 d5 3. Nd2 c5 4. g3 Bd6 5. Bg2 Ne7 6. Ngf3 Nbc6 7. O-O b6 8. Re1
Qc7 9. Qe2 Qd7 10. e5 Bc7 11. Nf1 Bb7 12. c3 h6 13. Bd2 g5 14. h3 Ng6 15. d4 a5
16. N1h2 Ba6 17. Qe3 Nce7 18. Bc1 Nf5 19. Qd2 O-O-O 20. Ng4 c4 21. Nf6 Qc6 22.
b3 Ng7 23. Qc2 Ne8 24. Nh5 Kb8 25. Nd2 cxb3 26. axb3 Rc8 27. b4 Bd8 28. Bb2 Bc4
29. bxa5 bxa5 30. Nxc4 Qxc4 31. Ra4 Qc6 32. c4 Bb6 33. Bc3 Rc7 34. c5 Bxc5 35.
dxc5 Qxc5 36. Rb1+ Kc8 37. Rc1 Kd7 38. Rxa5 Qe7 39. Qa4+ Rc6 40. Bb4 Qxb4 41.
Ra7+ Nc7 42. Qxc6+ 1-0

[Event "TCh-FRA Top 12 2019"]
[Site "Brest FRA"]
[Date "2019.05.20"]
[Round "3.2"]
[Board "1"]
[White "Donchenko, Alexander"]
[Black "Fedorov, Alexei"]
[Result "1-0"]
[WhiteTitle "GM"]
[BlackTitle "GM"]
[WhiteElo "2595"]
[BlackElo "2566"]
[WhiteTeam "Vandoeuvre-Echecs"]
[BlackTeam "Gonfreville l'Orcher"]
[WhiteFideId "24603295"]
[BlackFideId "13500465"]
[EventDate "2019.05.18"]

1. d4 Nf6 2. c4 g6 3. Nc3 Bg7 4. e4 d6 5. f3 O-O 6. Be3 e5 7. d5 Nh5 8. Qd2 Nd7
9. g4 Nf4 10. O-O-O Nc5 11. Nge2 Ncd3+ 12. Kb1 a6 13. Ng3 Nc5 14. h4 b5 15. h5
Bd7 16. Ka1 Qb8 17. g5 bxc4 18. Qh2 h6 19. gxh6 Bf6 20. hxg6 fxg6 21. Nge2 Kh7
22. Nxf4 exf4 23. Bd4 Bxd4 24. Rxd4 Qe8 25. Rxc4 Qe5 26. Qd2 a5 27. Bh3 Be8 28.
Bg4 Rb8 29. Nd1 Bb5 30. Rc1 a4 31. Qc3 Qxc3 32. Rxc3 Rbe8 33. Nf2 Re7 34. Kb1
Re5 35. Kc2 Re7 36. Kd2 Ree8 37. Rcc1 Rb8 38. Nh3 Ba6 39. Ng5+ Kh8 40. Rc2 Rb4
41. h7 Rd4+ 42. Kc1 Rc4 43. Be6 Nd3+ 44. Kb1 Ne5 45. Rxc4 Bxc4 46. Rc1 Rb8 47.
Rc3 Rb4 48. Bg8 Be2 49. b3 axb3 50. axb3 Rb7 51. Kb2 Bd1 52. Kc1 Bxb3 53. Ne6
Ba4 54. Nxf4 Rb3 55. Rxb3 Bxb3 56. Kd2 Ba4 57. Ke3 c6 58. dxc6 Bxc6 59. Nh3 Nd7
60. Ng5 Ne5 61. Kd4 Bb7 62. Kc3 1-0

[Event "TCh-FRA Top 12 2019"]
[Site "Brest FRA"]
[Date "2019.05.20"]
[Round "3.2"]
[Board "2"]
[White "Payen, Arnaud"]
[Black "Solodovnichenko, Yuri"]
[Result "0-1"]
[WhiteTitle "IM"]
[BlackTitle "GM"]
[WhiteElo "2358"]
[BlackElo "2572"]
[WhiteTeam "Gonfreville l'Orcher"]
[BlackTeam "Vandoeuvre-Echecs"]
[WhiteFideId "600814"]
[BlackFideId "14104369"]
[EventDate "2019.05.18"]

1. Nf3 c5 2. c4 g6 3. g3 Bg7 4. Bg2 Nc6 5. Nc3 Nh6 6. b3 Nf5 7. Bb2 O-O 8. O-O
e6 9. d3 Re8 10. Qc1 d6 11. e3 a6 12. Rd1 Rb8 13. Ne2 e5 14. a3 Bd7 15. Bc3 b5
16. cxb5 Rxb5 17. Nd2 Nfd4 18. exd4 exd4 19. Ne4 dxc3 20. N2xc3 Nd4 21. Rb1 Nxb3
22. Qf4 Be5 23. Qh6 Bg7 24. Qf4 Nd4 25. Qxd6 Be5 26. Nxb5 Bxd6 27. Nbxd6 Rf8 28.
Nb7 Qe7 29. Nexc5 Re8 30. h3 Bc8 31. Kh2 Kg7 32. Re1 Qxe1 33. Rxe1 Rxe1 34. Nd6
Rc1 35. Nc4 Bf5 36. Be4 Bxe4 37. Nxe4 Nf3+ 38. Kg2 Ne1+ 0-1

[Event "TCh-FRA Top 12 2019"]
[Site "Brest FRA"]
[Date "2019.05.20"]
[Round "3.2"]
[Board "3"]
[White "Hamitevici, Vladimir"]
[Black "Vallin, Guillaume"]
[Result "1/2-1/2"]
[WhiteTitle "GM"]
[BlackTitle "IM"]
[WhiteElo "2476"]
[BlackElo "2389"]
[WhiteTeam "Vandoeuvre-Echecs"]
[BlackTeam "Gonfreville l'Orcher"]
[WhiteFideId "13902393"]
[BlackFideId "614823"]
[EventDate "2019.05.18"]

1. c4 e6 2. Nc3 d5 3. cxd5 exd5 4. d4 c6 5. Qc2 Bd6 6. e3 Nf6 7. Bd3 O-O 8. Nge2
Re8 9. Bd2 Nbd7 10. f3 c5 11. b3 cxd4 12. Nxd4 a6 13. O-O Nc5 14. Nce2 Bd7 15.
Rac1 Rc8 16. Qb1 b5 17. Bf5 g6 18. Bxd7 Qxd7 19. Nf4 a5 20. Nd3 b4 21. Nxc5 Bxc5
22. Qd3 Qa7 23. Rfd1 Qb6 24. Be1 Nd7 25. Bf2 Nf8 26. h4 h5 27. Rc2 Bxd4 28. Rxc8
Rxc8 29. Qxd4 Qxd4 30. Rxd4 Rc1+ 31. Kh2 Rc2 32. Bg3 Ne6 33. Rxd5 Rxa2 34. Be5
Ra3 35. Bf6 Kf8 36. e4 Rxb3 37. f4 Ra3 38. f5 gxf5 39. exf5 Nc7 40. Rd8+ Ne8 41.
Rb8 Rd3 42. Bd8 Kg7 43. Bxa5 Nf6 44. Kg1 Ng4 45. Kf1 Rd5 1/2-1/2

[Event "TCh-FRA Top 12 2019"]
[Site "Brest FRA"]
[Date "2019.05.20"]
[Round "3.2"]
[Board "4"]
[White "Miezis, Normunds"]
[Black "Brunner, Nicolas"]
[Result "1-0"]
[WhiteTitle "GM"]
[BlackTitle "IM"]
[WhiteElo "2456"]
[BlackElo "2422"]
[WhiteTeam "Gonfreville l'Orcher"]
[BlackTeam "Vandoeuvre-Echecs"]
[WhiteFideId "11600136"]
[BlackFideId "620246"]
[EventDate "2019.05.18"]

1. c4 e6 2. e4 d5 3. exd5 exd5 4. d4 Bb4+ 5. Nc3 Nf6 6. Bd3 dxc4 7. Bxc4 O-O 8.
Ne2 Bd6 9. Bg5 Nbd7 10. Qd3 c6 11. Bb3 Re8 12. h3 Nb6 13. Bc2 g6 14. Qf3 Be7 15.
O-O Nfd5 16. Bh6 Be6 17. Ne4 Nb4 18. Bb1 Bd5 19. a3 Bxe4 20. Bxe4 N4d5 21. Bd2
Bf6 22. Rad1 Qd6 23. Bc1 Re7 24. Bc2 Rae8 25. Ng3 Bg7 26. Ne4 Qc7 27. Bg5 Re6
28. b4 Nd7 29. Bc1 h6 30. h4 N7f6 31. Nc5 Re2 32. Bd3 R2e7 33. Bc4 b6 34. Nb3
Qd7 35. g3 Ne4 36. Bb2 h5 37. Nc1 Nef6 38. Nd3 Qd6 39. Ne5 b5 40. Bb3 Rc8 41.
Bc1 a5 42. bxa5 Ra7 43. a4 Rxa5 44. Bd2 Ra7 45. axb5 cxb5 46. Rc1 Rac7 47. Rxc7
Rxc7 48. Rc1 Rxc1+ 49. Bxc1 b4 50. Bg5 Kf8 51. Bxd5 1-0